| 000 | 00817cam a2200253 a 4500 | ||
|---|---|---|---|
| 001 | 4465 | ||
| 003 | BD-RjUL | ||
| 005 | 20211208233909.0 | ||
| 008 | 131222r19921990enka 001 0 eng d | ||
| 020 | _a0582301491 | ||
| 020 | _a0470216654 (Wiley) | ||
| 035 | _a(BD-RjUL)4500 | ||
| 040 |
_aBD-RjUL _beng _cBD-RjUL |
||
| 041 | _aeng | ||
| 082 | 0 | 0 |
_a338.959 _223 _bSOU 1992 |
| 245 | 0 | 0 |
_aSouth east Asian development : _bgeographical perspectives / _cedited by Denis Dwyer |
| 260 |
_aHarlow : _bLongman Scientific & Technical ; _aNew York : _bWiley, _c1990 [reprinted 1992]. |
||
| 300 |
_axi, 315 p : _bill. ; _c24 cm. |
||
| 504 | _aIncludes index. | ||
| 651 | 0 |
_aSoutheast Asia _xEconomic conditions _97544 |
|
| 651 | 0 |
_aSoutheast Asia _xHistory _914114 |
|
| 700 | 1 |
_aDwyer, D. J. _q(Denis John) _914115 |
|
| 942 |
_2ddc _cBK |
||
| 999 |
_c4465 _d4465 |
||